000 00327nam a2200133Ia 4500
005 20260326235443.0
008 260326s9999||||xx |||||||||||||| ||und||
100 _aSharp, Dennis
245 0 _aPlanning and Architecture /
_cDennis Sharp
260 _bBarrie & Rockliff
300 _a169 p.
650 _aARQUITECTOS
942 _cBK
999 _c7471
_d7471